[Event "HUN-chT2 Barcza 1516"]
[Site "Hungary"]
[Date "2015.12.06"]
[Round "6.11"]
[White "Jankovics, Laszlo Jr"]
[Black "Pota, Lajos"]
[Result "1-0"]
[WhiteElo "1517"]
[BlackElo "1654"]
[PlyCount "63"]
[EventDate "2015.09.13"]
[EventType "team-tourn"]
[EventRounds "11"]
[EventCountry "HUN"]
[SourceTitle "CBM 170 Extra"]
[Source "ChessBase"]
[SourceDate "2016.02.25"]
[SourceVersion "1"]
[SourceVersionDate "2016.02.25"]
[SourceQuality "1"]
[WhiteTeam "SSASSE"]
[BlackTeam "Mezokovesd"]
[WhiteTeamCountry "HUN"]
[BlackTeamCountry "HUN"]

1. e4 e6 2. d4 d5 3. exd5 exd5 4. Bd3 Nf6 5. Bg5 Be7 6. Ne2 Ne4 7. Bxe7 Qxe7 8. 0-0 0-0 9. f3 Nf6 10. Qd2 Nc6 11. Nbc3 Be6 12. Rfe1 Qd7 13. Bb5 a6 14. Bxc6 Qxc6 15. Nf4 Rfe8 16. Nxe6 Rxe6 17. Rxe6 Qxe6 18. Re1 Qb6 19. b3 h6 20. Re5 Rd8 21. Na4 Qa7 22. c3 b6 23. Qe3 Qb8 24. Nb2 c5 25. Nd3 cxd4 26. Qxd4 a5 27. Nf4 Qb7 28. c4 b5 29. Nxd5 Nxd5 30. Rxd5 Rxd5 31. Qxd5 bxc4 32. Qxb7 1-0

[Event "HUN-chT2 Barcza 1415"]
[Site "Hungary"]
[Date "2015.03.22"]
[Round "?"]
[White "Szuhai, Beata Barbara"]
[Black "Jankovics, Laszlo Jr"]
[Result "1-0"]
[WhiteElo "1631"]
[BlackElo "1485"]
[PlyCount "77"]
[EventDate "2014.09.07"]
[EventType "team-tourn"]
[EventRounds "11"]
[EventCountry "HUN"]
[SourceTitle "EXT 2016"]
[Source "ChessBase"]
[SourceDate "2015.10.08"]
[SourceVersion "1"]
[SourceVersionDate "2015.10.08"]
[SourceQuality "1"]
[WhiteTeam "Edeleny"]
[BlackTeam "Sajobabony"]
[WhiteTeamCountry "HUN"]
[BlackTeamCountry "HUN"]

1. e4 e6 2. d4 d5 3. Nd2 c5 4. exd5 exd5 5. Ndf3 Bg4 6. Qe2+ Qe7 7. Qxe7+ Nxe7 8. dxc5 Nec6 9. Be3 Nd7 10. 0-0-0 Be6 11. Ng5 Bxc5 12. Bxc5 Nxc5 13. N1f3 h6 14. Nxe6 fxe6 15. Bb5 0-0 16. Rhe1 a6 17. Bxc6 bxc6 18. Re2 Ne4 19. Rf1 c5 20. Ne1 c4 21. f3 Nc5 22. b3 cxb3 23. axb3 Rab8 24. Kd2 Rf6 25. Nd3 Ne4+ 26. Ke3 Nc3 27. Ree1 Rc8 28. Kd2 d4 29. Ra1 Nd5 30. Rf2 Rc6 31. Ne5 Rd6 32. Nc4 Rc6 33. Kd3 e5 34. Ke4 Nc3+ 35. Kxe5 Nb5 36. Ke4 Kf7 37. Ne5+ Kf8 38. Nxc6 Rxc6 39. Ra5 1-0

[Event "HUN-chT2 Barcza 1415"]
[Site "Hungary"]
[Date "2015.02.08"]
[Round "?"]
[White "Jankovics, Laszlo Jr"]
[Black "Kemendi, Daniel"]
[Result "1-0"]
[WhiteElo "1485"]
[BlackElo "1847"]
[PlyCount "91"]
[EventDate "2014.09.07"]
[EventType "team-tourn"]
[EventRounds "11"]
[EventCountry "HUN"]
[SourceTitle "EXT 2016"]
[Source "ChessBase"]
[SourceDate "2015.10.08"]
[SourceVersion "1"]
[SourceVersionDate "2015.10.08"]
[SourceQuality "1"]
[WhiteTeam "Sajobabony"]
[BlackTeam "Miskolc Sakkiskola"]
[WhiteTeamCountry "HUN"]
[BlackTeamCountry "HUN"]

1. e4 c6 2. d4 d5 3. exd5 cxd5 4. Nc3 Nf6 5. Bf4 a6 6. Bd3 Bg4 7. f3 Bh5 8. Nge2 e6 9. a3 Be7 10. Ng3 Bg6 11. 0-0 Nc6 12. Nce2 Qb6 13. Bxg6 hxg6 14. Rb1 Na5 15. c3 Nc4 16. Bc1 Nxa3 17. Ra1 Nc4 18. b3 Na5 19. Rb1 Rc8 20. Bd2 Qc7 21. Bf4 Bd6 22. Bxd6 Qxd6 23. Qd2 Rc6 24. c4 dxc4 25. Qxa5 Nh5 26. Qe5 Nxg3 27. Nxg3 Qxe5 28. dxe5 cxb3 29. Rxb3 b5 30. Rd1 Ke7 31. Ne4 Rb8 32. Rdb1 f6 33. exf6+ gxf6 34. R1b2 f5 35. Nd2 Rd6 36. Kf2 a5 37. Nc4 a4 38. Rxb5 Rxb5 39. Rxb5 Rd4 40. Rc5 f4 41. Ke2 Kd7 42. Nb6+ Kd6 43. Ra5 a3 44. Rxa3 Kc5 45. Rd3 Rb4 46. Nd7+ 1-0

[Event "HUN-chT2 Barcza 1415"]
[Site "Hungary"]
[Date "2014.11.16"]
[Round "?"]
[White "Jankovics, Laszlo Jr"]
[Black "Bodnar, Mate"]
[Result "1/2-1/2"]
[WhiteElo "1485"]
[BlackElo "1271"]
[PlyCount "75"]
[EventDate "2014.09.07"]
[EventType "team-tourn"]
[EventRounds "11"]
[EventCountry "HUN"]
[SourceTitle "EXT 2016"]
[Source "ChessBase"]
[SourceDate "2015.10.08"]
[SourceVersion "1"]
[SourceVersionDate "2015.10.08"]
[SourceQuality "1"]
[WhiteTeam "Sajobabony"]
[BlackTeam "Debrecen Sakkbaratok"]
[WhiteTeamCountry "HUN"]
[BlackTeamCountry "HUN"]

1. e4 Nf6 2. Nc3 e5 3. Nf3 Nc6 4. Bc4 Bc5 5. d3 h6 6. Qe2 0-0 7. a3 d6 8. Be3 Bxe3 9. Qxe3 Ne7 10. h3 d5 11. exd5 Nexd5 12. Nxd5 Nxd5 13. Bxd5 Qxd5 14. 0-0 Re8 15. Rfe1 Bf5 16. Rad1 b5 17. Rd2 e4 18. dxe4 Qxe4 19. Qxe4 Rxe4 20. Rxe4 Bxe4 21. c3 Bxf3 22. gxf3 a5 23. Rd7 Rc8 24. Kf1 g5 25. Ke2 Kg7 26. Kd3 Kf6 27. Rd5 c5 28. Rd6+ Ke5 29. Rxh6 f5 30. Ke3 c4 31. Rg6 f4+ 32. Ke2 Kf5 33. Rd6 Re8+ 34. Kd2 Re6 35. Rd8 a4 36. Rd7 Kf6 37. Rd4 Kf5 38. Kd1 1/2-1/2

[Event "HUN-chT2 Barcza 1314"]
[Site "Hungary"]
[Date "2014.04.27"]
[Round "11"]
[White "Balogh, Ferenc2222"]
[Black "Jankovics, Laszlo Jr"]
[Result "1/2-1/2"]
[WhiteElo "1526"]
[BlackElo "1479"]
[PlyCount "69"]
[EventDate "2013.09.08"]
[EventType "team-tourn"]
[EventRounds "11"]
[EventCountry "HUN"]
[SourceTitle "EXT 2016"]
[Source "ChessBase"]
[SourceDate "2015.10.08"]
[SourceVersion "1"]
[SourceVersionDate "2015.10.08"]
[SourceQuality "1"]
[WhiteTeam "Tiszavasvar"]
[BlackTeam "Sajobabony"]
[WhiteTeamCountry "HUN"]
[BlackTeamCountry "HUN"]

1. d4 d5 2. c4 e6 3. Nf3 c5 4. e3 Nc6 5. Nc3 Nf6 6. cxd5 exd5 7. Bb5 a6 8. Bxc6+ bxc6 9. Qa4 Bd7 10. Ne5 Bd6 11. Nxd7 Qxd7 12. 0-0 0-0 13. Bd2 Rfe8 14. Ne2 Ne4 15. Bc3 Qc7 16. Ng3 Nxg3 17. hxg3 Re6 18. dxc5 Bxc5 19. Bd4 Be7 20. Rac1 Qb7 21. b3 Rc8 22. Rc2 Qb5 23. Qxb5 axb5 24. Bc5 Kf8 25. Rd1 Bxc5 26. Rxc5 Ra8 27. Ra1 Ke7 28. a4 Kd7 29. a5 Ra6 30. Kf1 Re4 31. Ke2 Kd6 32. Rac1 Rb4 33. R1c3 d4 34. exd4 Rxd4 35. Ke3 1/2-1/2

[Event "HUN-chT U18"]
[Site "Miskolc"]
[Date "2010.11.03"]
[Round "3.18"]
[White "Farkas, Akos"]
[Black "Jankovics, Laszlo Jr"]
[Result "1-0"]
[WhiteElo "1617"]
[BlackElo "1389"]
[PlyCount "147"]
[EventDate "2010.11.02"]
[EventType "team-swiss"]
[EventRounds "8"]
[EventCountry "HUN"]
[SourceTitle "EXT 2016"]
[Source "ChessBase"]
[SourceDate "2015.10.08"]
[SourceVersion "1"]
[SourceVersionDate "2015.10.08"]
[SourceQuality "1"]

1. e4 e6 2. d3 d5 3. Nd2 c5 4. Ngf3 Nc6 5. g3 Nf6 6. Bg2 Be7 7. 0-0 0-0 8. Re1 h6 9. Nb3 dxe4 10. dxe4 Qxd1 11. Rxd1 Nxe4 12. Ne1 Nf6 13. Bxc6 bxc6 14. Be3 Nd7 15. Na5 Nb8 16. Nd3 Bd8 17. Nc4 Ba6 18. Bxc5 Bxc4 19. Bxf8 Kxf8 20. Ne5 Bd5 21. c4 Bc7 22. cxd5 Bxe5 23. d6 Nd7 24. Rac1 c5 25. b4 cxb4 26. Rc7 Ke8 27. f4 Bf6 28. Re1 Nb6 29. Rd1 Nd5 30. Rb7 Rd8 31. f5 Rd7 32. Rb8+ Bd8 33. fxe6 fxe6 34. Rf1 Rxd6 35. Rb7 Rd7 36. Rxd7 Kxd7 37. Rf7+ Ke8 38. Rxg7 a5 39. Rg6 Bg5 40. Rxe6+ Kd7 41. Ra6 Be3+ 42. Kf1 Bb6 43. Ra8 Nc3 44. Ke1 Nxa2 45. Kd2 b3 46. g4 b2 47. Kc2 Bd4 48. Rxa5 Nb4+ 49. Kb1 Nc6 50. Rh5 Bg7 51. g5 hxg5 52. Rh7 Ke6 53. Rxg7 Kf5 54. Kxb2 Ne5 55. Rh7 Kg4 56. Kc3 Nf3 57. Kd3 Nh4 58. Ke4 Kh3 59. Rh5 Kg4 60. Rh7 Kh3 61. Rg7 Kg4 62. h3+ Kxh3 63. Rxg5 Ng2 64. Kf3 Ne1+ 65. Kf2 Nd3+ 66. Ke3 Ne1 67. Kf2 Nc2 68. Rd5 Kg4 69. Rc5 Na3 70. Ke3 Kg3 71. Kd2 Kf4 72. Kc3 Nb1+ 73. Kc2 Na3+ 74. Kb2 1-0

[Event "HUN-chT U18"]
[Site "Miskolc"]
[Date "2009.10.29"]
[Round "7.20"]
[White "Samok, Balazs"]
[Black "Jankovics, Laszlo Jr"]
[Result "1-0"]
[WhiteElo "1481"]
[BlackElo "1404"]
[PlyCount "73"]
[EventDate "2009.10.26"]
[EventType "team-swiss"]
[EventRounds "8"]
[EventCountry "HUN"]
[SourceTitle "EXT 2016"]
[Source "ChessBase"]
[SourceDate "2015.10.08"]
[SourceVersion "1"]
[SourceVersionDate "2015.10.08"]
[SourceQuality "1"]

1. e4 e5 2. Nf3 Nf6 3. Nxe5 Qe7 4. Nf3 Nxe4 5. Qe2 Nf6 6. Nc3 Qxe2+ 7. Bxe2 Bc5 8. d4 Bb4 9. Bd2 0-0 10. 0-0-0 Re8 11. Bd3 d6 12. Rde1 Be6 13. Ng5 Nc6 14. Nxe6 fxe6 15. Ne2 a5 16. c3 Ng4 17. Ref1 Rf8 18. f3 Nf6 19. cxb4 axb4 20. Kb1 Ra7 21. Be3 Ra5 22. Nc1 Rfa8 23. Rd1 b3 24. a3 Nd5 25. Bf2 Ndb4 26. Nxb3 Ra4 27. Bb5 R4a7 28. d5 Nd4 29. Bxd4 c5 30. dxc6 bxc6 31. Bxa7 Rxa7 32. axb4 cxb5 33. Rxd6 Re7 34. Re1 Kf7 35. Nc5 e5 36. Rd7 Rxd7 37. Nxd7 1-0